| 000 | 00953nam a2200265 i 4500 | ||
|---|---|---|---|
| 001 | bg | ||
| 100 | 1 | 0 |
_aDominiak, Piotr _d(1948- ). |
| 245 | 1 | 0 |
_aSektor MSP we współczesnej gospodarce / _cPiotr Dominiak. |
| 246 | 3 | _aSektor małych i średnich przedsiębiorstw we współczesnej gospodarce | |
| 260 |
_aWarszawa : _bWydawnictwo Naukowe PWN ; _c2005. |
||
| 300 |
_a265 s. : _bmapy, rys., wykr. ; _c25 cm. |
||
| 500 | _aNa s. red. i okł. ISBN 83-01-14372-X(01). | ||
| 504 | _aBibliogr. s. 257-265. | ||
| 650 | 9 |
_aPrzedsiębiorstwa małe i średnie _xkraje gospodarczo rozwinięte _yod 1989 r. |
|
| 650 | 9 |
_aPrzedsiębiorstwa małe i średnie _xteoria |
|
| 020 | _a8301143725 | ||
| 040 | _cBPK | ||
| 041 | 0 | _apol | |
| 044 | _aPOL | ||
| 080 | _a658.114(1-775)"1989/..." | ||
| 920 | _a83-01-14372-X | ||
| 942 | _cKS | ||
| 008 | s pl f |000 0 pol | ||
| 999 |
_c54429 _d54429 |
||
| 856 |
_uhttp://koha.tu.koszalin.pl/cgi-bin/koha/opac-detail.pl?biblionumber=54429 _yKatalog online BPK |
||